=LDR 00000nam 2200000 4500 =001 INLIS000000000031509 =005 20130612133557 =008 ***********************************ind** =035 ##$$0010-061300000031509 =041 ##$$a ind =082 ##$$a 028.55 =090 ##$$a 028.55, Nat, k =100 ##$$a NATA, Koko =245 ##$$a Ksatria Panda , Koko Nata;Editor,Syarif Nurhakim =260 ##$$a bestari Kids $b Jakarta =300 ##$$a 31 hlm., , ilus., , 21 cm =650 ##$$a BACAAN KANAK-KANAK =700 ##$$a Nurhakim, Syerif =850 ##$$a NBPNMAT =990 ##$$a 4403544035 =990 ##$$a 20903861 =990 ##$$a 20903858